000 00251nam a2200097Ia 4500
001 1074072
005 20250827002213.0
008 250824s9999 xx 000 0 und d
245 0 _aİMKANSIZIN İHLALİ
_cFURKAN ÇALIŞKAN
260 _bKETEBE YAYINLARI
999 _c1074072
_d1074072